000 00786nam a2200217 a 4500
001 000025639
003 DO-SdBNP
005 20250421100338.0
008 110216s2001 ve a r 000 | spa d
020 _a9803171763
040 _aDO-SdBNP
_bspa
_cBNPHU
082 4 _axxx
_bN964r
245 1 0 _aNueva ruralidad y política agraria :
_buna alternativa neoinstitucional para Centroamérica /
_cedición Harry Clemens, Raúl Rubén.
260 _aCaracas :
_bCentro de Estudios para el Desarrollo Rural :
_bEditorial Nueva Sociedad ;
_aAmsterdam : Universidad Libre de :
_bAmsterdam,
_c2001.
300 _a260 p. :
_bil. ;
_c23 cm.
490 1 _aAriel
_v98
700 1 _aClemens, Harry,
_eed.
_952360
700 1 _aRubén, Raúl ,
_952361
830 0 _aAriel ,
_v98
_933302
942 _2ddc
_cLBS1
999 _c25131
_d25131